Aktuálne otázky integrácie SR do európskej únie

Saved in:
Bibliographic Details
Main Author: Hontyová, Kajetána
Format: Book Chapter
Language:Slovak
Tags: Add Tag
No Tags, Be the first to tag this record!

MARC

LEADER 00000naa$a2200000$$$4500
001 0112312
005 20240502072239.8
041 0 |a slo 
044 |a SK 
245 1 0 |a Aktuálne otázky integrácie SR do európskej únie  |c Kajetana Hontyová 
100 1 |a Hontyová, Kajetána